1245 1955 1947 1925 1022 1832 1537 1166 1307 1681 1343 1990 1828 1492 1559 1544 1772 1356 1653 1044 1377 1690 1982 1169 1960 1080 1747 1017 1868 1926 2000 1230 1968 1490 1867 1295 1410 1158 1842 1679 1177 1104 1829 1499 1631 1122 1894 1402 1940 1482 1426 1050 1763 1226 1536 1406 1665 1638 1631 1190 1561 1893 1666 1316 1185 1412 1576 1447 1671 1943 1579 1922 1858 1737 1696 1751 1239 1712 1938 1510 1827 1735 1384 1741 1855 1263 1031 1677 1744 1379 1341 1696 1774 1485 1435 1835 1917 1664 1750 BCNSPRNW ULIB Ver.6.0+V

เปลี่ยนเป็นภาษาไทย

Change to English
 แสดงรายละเอียดบรรณานุกรม
  กลับหน้าหลัก

Brief Record : Get Marc (ISO 2709) : E-mail record : QR code < ปิดหน้าต่าง
LEADER : 00000nam 2200000 a 4500
001    13399113758
003     ULIB
008    090903s2009 us a b 001 0 eng d
020    ^a9780323053532
060 04 ^aWY159^bW872
245 00 ^aWong s essentials of pediatric nursing /^c[edited by]
246 30 ^aEssentials of pediatric nursing
250    ^a8th ed.
260    ^aSt. Louis :^bMosby/Elsevier,^c2009
300    ^axxxiii, 1245 p. :^bill. ;^c19 cm. +^e1 computer optical
504    ^aIncludes bibliographical references and index
650  2 ^aPediatric Nursing
700 1  ^aHockenberry, Marilyn J.,^eed.
700 1  ^aWilson, David,^d1950- ,^eed.
700 1  ^aWong, Donna L.,^d1948-2008
856    ^z97861691417160025.jpg (Content)^uhttp://192.168.190.19/ULIB6//_fulltext/5/13399113758/20150825174849_2313.jpg
945    ^p0^l0^i030890
995    ^a Kesorn
999 ^a ใช้งานได้ทุกระบบ
รายการนี้ยังไม่มีแท็ก
คุณยังไม่ได้ล็อกอิน คุณสามารถมีกิจกรรมร่วมกับเว็บไซต์ได้ แต่ต้องล็อกอินก่อน ::
  ล็อกอิน

รายการสื่อสารสนเทศ

ลำดับที่ ประเภท เลขเรียก/บาร์โค้ด สถานที่ สถานะ
- ไม่พบข้อมูล -

รายการใกล้เคียง
    หัวเรื่อง [Pediatric Nursing]

BibComment


ยังไม่เคยถูกคอมเมนท์

คอมเมนท์ทรัพยากรรายการนี้
  คอมเมนท์: Wong s essential..


 Copyright 2026. Bcnsprnw @Library